[Event "HUN-chT2 Toth 1415"]
[Site "Hungary"]
[Date "2015.04.26"]
[Round "11.12"]
[White "Inges, Zeno"]
[Black "Szokolai, Robert Mirko"]
[Result "0-1"]
[WhiteElo "1817"]
[BlackElo "1507"]
[PlyCount "86"]
[EventDate "2014.09.07"]
[EventType "team-tourn"]
[EventRounds "11"]
[EventCountry "HUN"]
[SourceTitle "EXT 2016"]
[Source "ChessBase"]
[SourceDate "2015.10.08"]
[SourceVersion "1"]
[SourceVersionDate "2015.10.08"]
[SourceQuality "1"]
[WhiteTeam "Ujszasz"]
[BlackTeam "Oroshaza"]
[WhiteTeamCountry "HUN"]
[BlackTeamCountry "HUN"]

1. e4 d6 2. d4 Nf6 3. Bd3 g6 4. h3 Bg7 5. Nf3 0-0 6. 0-0 c6 7. c3 Qc7 8. Bf4 Nbd7 9. Nbd2 e5 10. Bh2 b5 11. a4 Rb8 12. axb5 cxb5 13. d5 Nc5 14. Ne1 Qb6 15. Kh1 Ba6 16. f3 Nh5 17. g4 Nf4 18. Bxf4 exf4 19. Nb3 Na4 20. Qe2 Bc8 21. Ng2 Be5 22. Nd4 Bd7 23. Nb3 Qd8 24. Qf2 a6 25. Nd4 Kg7 26. Rfc1 Rh8 27. h4 h5 28. g5 f6 29. gxf6+ Qxf6 30. Kg1 Kf7 31. Kf1 Bh3 32. Nc6 Rb7 33. Ke2 Rg8 34. Nxe5+ Qxe5 35. Rh1 Bxg2 36. Qxg2 Nxb2 37. Rhc1 Na4 38. Kd2 Rc8 39. Qh3 Rbc7 40. c4 bxc4 41. Rxa4 cxd3 42. Rxc7+ Rxc7 43. Ra2 Qc3+ 0-1

[Event "HUN-chT2 Toth 1415"]
[Site "Hungary"]
[Date "2015.03.01"]
[Round "9.12"]
[White "Boa, Bence"]
[Black "Szokolai, Robert Mirko"]
[Result "1/2-1/2"]
[WhiteElo "1606"]
[BlackElo "1507"]
[PlyCount "80"]
[EventDate "2014.09.07"]
[EventType "team-tourn"]
[EventRounds "11"]
[EventCountry "HUN"]
[SourceTitle "EXT 2016"]
[Source "ChessBase"]
[SourceDate "2015.10.08"]
[SourceVersion "1"]
[SourceVersionDate "2015.10.08"]
[SourceQuality "1"]
[WhiteTeam "Maroczy II"]
[BlackTeam "Oroshaza"]
[WhiteTeamCountry "HUN"]
[BlackTeamCountry "HUN"]

1. d4 Nf6 2. c4 g6 3. Nc3 Bg7 4. Nf3 d6 5. e4 0-0 6. Be2 Nbd7 7. h3 e5 8. d5 a5 9. Be3 Ne8 10. g4 b6 11. Qc2 Nc5 12. Na4 Bd7 13. Nxc5 bxc5 14. 0-0-0 Rb8 15. Qd2 Kh8 16. Bd3 Qc8 17. Nh4 c6 18. Bh6 cxd5 19. Bxg7+ Kxg7 20. exd5 Nf6 21. f3 Qb7 22. Rh2 Rfe8 23. Re1 a4 24. Ng2 Qc7 25. h4 h5 26. gxh5 Nxh5 27. Rg1 Rh8 28. f4 Rbe8 29. Be2 Kf8 30. fxe5 Rxe5 31. Bxh5 Rhxh5 32. Nf4 Rh8 33. Rxg6 Re4 34. Qc3 Rh7 35. Rf6 Ke7 36. Rf2 Rxh4 37. Ng6+ fxg6 38. Rf7+ Kd8 39. Rf8+ Be8 40. b3 a3 1/2-1/2

[Event "HUN-chT2 Toth 1415"]
[Site "Hungary"]
[Date "2014.12.14"]
[Round "6.12"]
[White "Udvardi, Zalan"]
[Black "Szokolai, Robert Mirko"]
[Result "0-1"]
[WhiteElo "1565"]
[BlackElo "1507"]
[PlyCount "102"]
[EventDate "2014.09.07"]
[EventType "team-tourn"]
[EventRounds "11"]
[EventCountry "HUN"]
[SourceTitle "EXT 2016"]
[Source "ChessBase"]
[SourceDate "2015.10.08"]
[SourceVersion "1"]
[SourceVersionDate "2015.10.08"]
[SourceQuality "1"]
[WhiteTeam "Szentes"]
[BlackTeam "Oroshaza"]
[WhiteTeamCountry "HUN"]
[BlackTeamCountry "HUN"]

1. e4 d6 2. d4 Nf6 3. Nc3 g6 4. Be2 Bg7 5. Nf3 0-0 6. h3 e5 7. dxe5 dxe5 8. Qxd8 Rxd8 9. Bc4 Nc6 10. Bg5 Nb4 11. Rc1 Re8 12. a3 Nc6 13. Nb5 Re7 14. 0-0 h6 15. Bxf6 Bxf6 16. Nc3 Be6 17. Bd5 Nd4 18. Ne1 c6 19. Bxe6 Rxe6 20. Nd3 Rd6 21. f4 Nxc2 22. Nxe5 Bxe5 23. fxe5 Rd2 24. Rf2 Rxf2 25. Kxf2 Nd4 26. Ne2 Nxe2 27. Kxe2 Re8 28. Rc5 f6 29. exf6 Rxe4+ 30. Kd3 Rf4 31. Ke3 Rxf6 32. Re5 Kf7 33. Rc5 Ke6 34. Rc2 Rf5 35. Rc4 Rb5 36. b4 Re5+ 37. Kd3 Re1 38. Re4+ Rxe4 39. Kxe4 b6 40. Kd4 g5 41. g4 a6 42. a4 Kd6 43. a5 bxa5 44. bxa5 c5+ 45. Ke4 Ke6 46. Ke3 Ke5 47. Kd3 Kd5 48. Ke3 c4 49. Kd2 Kd4 50. Kc2 c3 51. Kc1 Kd3 0-1